INTRODUCTION TO THE MATHEMATICS OF DEMOG (Record no. 15052)
[ view plain ]
| 000 -LEADER | |
|---|---|
| fixed length control field | 00370nam a2200145Ia 4500 |
| 008 - FIXED-LENGTH DATA ELEMENTS--GENERAL INFORMATION | |
| fixed length control field | 240624s9999 xx 000 0 und d |
| 041 ## - LANGUAGE CODE | |
| Language code of text/sound track or separate title | eng |
| 082 ## - DEWEY DECIMAL CLASSIFICATION NUMBER | |
| Classification number | 304.6 BRO |
| 100 ## - MAIN ENTRY--PERSONAL NAME | |
| Personal name | BROWN R L |
| 245 ## - TITLE STATEMENT | |
| Title | INTRODUCTION TO THE MATHEMATICS OF DEMOG |
| 250 ## - EDITION STATEMENT | |
| Edition statement | (3rd ed.) |
| 260 ## - PUBLICATION, DISTRIBUTION, ETC. | |
| Date of publication, distribution, etc. | 1997 |
| Place of publication, distribution, etc. | Winsted |
| Name of publisher, distributor, etc. | ACTEX Publications |
| 300 ## - PHYSICAL DESCRIPTION | |
| Extent | 287 : p. : cm. ; 24 |
| 365 ## - TRADE PRICE | |
| Currency code | |
| Price amount | 15 |
| Withdrawn status | Lost status | Damaged status | Not for loan | Home library | Current library | Shelving location | Date acquired | Source of acquisition | Cost, normal purchase price | Total Holds | Full call number | Barcode | Date last seen | Copy number | Price effective from | Koha item type |
|---|---|---|---|---|---|---|---|---|---|---|---|---|---|---|---|---|
| IMTN | IMTN | Rack 6-B | 04/16/2010 | BWE | 65.00 | 9093 | 304.6 BRO | 15052 | 06/24/2024 | 48.9 | 06/24/2024 | Books |